| 000 | 00959nam a2200229 i 4500 | ||
|---|---|---|---|
| 001 | 55756 | ||
| 003 | ES-MaACL | ||
| 005 | 20250822012740.0 | ||
| 007 | t| | ||
| 008 | 030926s1953 sp ||||1| spa d | ||
| 100 | 1 |
_aVries, Guglielmo de. _9115762 |
|
| 245 | 1 | 0 |
_aOriente cristiano ayer _b: visión de conjunto sobre la historia de las Iglesias orientales / _cGuillermo de Vries, S.J. ; [traducción del... Dr. D. Antonio Alvarez de Linera y Grund...]. |
| 260 |
_a[Madrid : _bAtenas, _c1953] ( _fBenzal) |
||
| 300 |
_a218 p. ; _c17 cm. |
||
| 490 | 1 |
_aColección Razonemos nuestra Fe. Serie III. Manuales del pensamiento catolico ; _v1 |
|
| 650 | 4 |
_aIglesias orientales- _xHistoria. _9168551 |
|
| 700 | 1 |
_aÁlvarez de Linera, Antonio, _d1888-1961 _9149717 |
|
| 830 | 0 |
_aColección Razonemos nuestra Fe. Serie III. Manuales del pensamiento catolico ; _v1 _9230351 |
|
| 852 |
_aES-MaACL _jC-14006 |
||
| 852 |
_aES-MaACL _jD-9252 |
||
| 999 |
_c55756 _d55756 |
||